WWE Title Changes- 2018 - Statistics

General Stats
  • This quiz has been taken 151 times
  • The average score is 42 of 60
Answer Stats
Title % Correct
Roman Reigns
95%
Brock Lesnar
94%
Seth Rollins
94%
Cesaro
91%
The Miz
91%
Sheamus
90%
Becky Lynch
89%
Dean Ambrose
89%
AJ Styles
88%
Charlotte Flair
88%
Alexa Bliss
87%
Big E
86%
Kofi Kingston
86%
Dolph Ziggler
84%
Xavier Woods
84%
Jey Uso
83%
Jimmy Uso
83%
Daniel Bryan
82%
Randy Orton
81%
Adam Cole
80%
Nia Jax
80%
Asuka
77%
Carmella
77%
Drew McIntyre
77%
Ronda Rousey
77%
Jeff Hardy
75%
Jason Jordan
74%
Jinder Mahal
73%
Bray Wyatt
72%
Matt Hardy
71%
Bobby Roode
69%
Bobby Roode
69%
Rusev
69%
Braun Strowman
65%
Shinsuke Nakamura
65%
Harper
64%
Rowan
64%
Bobby Fish
63%
Chad Gable
63%
Enzo Amore
61%
Pete Dunne
61%
Ricochet
61%
Rhea Ripley
60%
Aleister Black
56%
Kyle O'Reilly
56%
Ember Moon
54%
Roderick Strong
54%
Shayna Baszler
54%
Akam
53%
Cedric Alexander
53%
Kairi Sane
52%
Nicholas
51%
Rezar
51%
Buddy Murphy
50%
Bo Dallas
49%
Curtis Axel
47%
Tomasso Ciampa
46%
Tyler Bate
41%
Andrade Almas
34%
Trent Seven
32%
No matching quizzes found
Score Distribution
Percent of People with Each Score
Percentile by Number Answered
Your Score History
You have not taken this quiz